[Event "BL 1415 Bayern München - Hansa Dortmun"]
[Site "?"]
[Date "2015.04.11"]
[Round "14.6"]
[White "Renner, Christoph"]
[Black "Zelbel, Patrick"]
[Result "0-1"]
[WhiteElo "2351"]
[BlackElo "2446"]
[PlyCount "90"]
[EventDate "2015.??.??"]

1. d4 Nf6 2. Bf4 d5 3. e3 c5 4. c3 Nc6 5. Nd2 Bf5 6. Ngf3 e6 7. Nh4 Be4 8. f3
Bg6 9. Qb3 Qd7 10. Nxg6 hxg6 11. Bg3 Nh5 12. Bf2 c4 13. Qc2 Bd6 14. O-O-O b5
15. g4 Nf6 16. e4 Bf4 17. Bg2 dxe4 18. fxe4 Nxg4 19. Bg1 e5 20. d5 Na5 21. Kb1
Ne3 22. Bxe3 Bxe3 23. Nf3 Qd6 24. h4 Rb8 25. Rh3 Bf4 26. Ng1 Nb7 27. Ne2 Bh6
28. h5 Nc5 29. hxg6 fxg6 30. Nd4 O-O 31. Nc6 Nd3 32. Nxb8 Rf2 33. Nc6 Rxc2 34.
Kxc2 Nf2 35. Rf1 Nxh3 36. Bxh3 Qc5 37. Be6+ Kh7 38. Kb1 Qe3 39. Ka1 Qxe4 40. a3
Bf4 41. Ne7 Qg2 42. Rd1 e4 43. Bg8+ Kh6 44. d6 e3 45. d7 Bc7 0-1

[Event "BL 1415 Bayern München - Hansa Dortmun"]
[Site "?"]
[Date "2015.04.11"]
[Round "14.7"]
[White "Tuncer, Ufuk"]
[Black "Zajogin, Alexander"]
[Result "1-0"]
[WhiteElo "2329"]
[BlackElo "2376"]
[PlyCount "62"]
[EventDate "2015.??.??"]

1. e4 e5 2. Nf3 Nc6 3. Bb5 a6 4. Ba4 Nf6 5. O-O Be7 6. Re1 b5 7. Bb3 d6 8. c3
O-O 9. h3 Na5 10. Bc2 c5 11. d4 Qc7 12. Nbd2 Rd8 13. b3 cxd4 14. cxd4 Bb7 15.
Bb2 Nc6 16. Rc1 Qb6 17. Nf1 d5 18. exd5 Rxd5 19. Ne3 Rd7 20. d5 Bb4 21. Rf1 Re8
22. a3 Bc5 23. Bf5 Rd6 24. Ng4 Nxg4 25. hxg4 Nd4 26. Be4 Bxd5 27. b4 Nxf3+ 28.
Bxf3 Bd4 29. Bxd5 Rxd5 30. Qb3 Red8 31. Rcd1 Bxf2+ 1-0

[Event "BL 1415 Bayern München - Hansa Dortmun"]
[Site "?"]
[Date "2015.04.11"]
[Round "14.8"]
[White "Zwanzger, Johannes"]
[Black "Karger, Frank"]
[Result "0-1"]
[WhiteElo "2286"]
[BlackElo "2260"]
[PlyCount "80"]
[EventDate "2015.??.??"]

1. e4 c5 2. Nf3 e6 3. d4 cxd4 4. Nxd4 a6 5. Bd3 Nf6 6. O-O d6 7. c4 Be7 8. Nc3
O-O 9. Be3 Nc6 10. Rc1 Bd7 11. Qe2 Qb8 12. f4 Nxd4 13. Bxd4 Bc6 14. e5 dxe5 15.
fxe5 Nd7 16. Rce1 g6 17. Qe3 Qd8 18. Be4 Rc8 19. b3 Bg5 20. Qf3 f5 21. Bxc6
Rxc6 22. Ne2 Bh6 23. Bb2 Bg7 24. Nd4 Qb6 25. Kh1 Rcc8 26. Qf4 Rfe8 27. Nf3 Qc7
28. h4 Nc5 29. Rd1 Rcd8 30. Rxd8 Rxd8 31. Bd4 Ne4 32. Bb2 Rd3 33. h5 Qd8 34.
hxg6 hxg6 35. Re1 g5 36. Qc1 g4 37. Nh2 Qh4 38. Rxe4 fxe4 39. Kg1 Bh6 40. Qf1
Be3+ 0-1

[Event "BL 1415 Werder Bremen - Schachfr. Berli"]
[Site "?"]
[Date "2015.04.11"]
[Round "14.1"]
[White "Kraemer, Martin"]
[Black "Areshchenko, Alexander"]
[Result "1/2-1/2"]
[WhiteElo "2576"]
[BlackElo "2651"]
[PlyCount "77"]
[EventDate "2015.??.??"]

1. e4 c5 2. Nf3 d6 3. d4 cxd4 4. Nxd4 Nf6 5. Nc3 a6 6. f3 e5 7. Nb3 Be6 8. Be3
h5 9. Qd2 Nbd7 10. Nd5 Bxd5 11. exd5 g6 12. Be2 Bg7 13. O-O O-O 14. Na5 Rb8 15.
c4 e4 16. f4 Ng4 17. Bxg4 hxg4 18. f5 Ne5 19. Bg5 f6 20. Be3 gxf5 21. b4 Qd7
22. Rab1 b6 23. Nc6 Nxc6 24. dxc6 Qxc6 25. Rxf5 Qxc4 26. Rd5 Rbc8 27. Rxd6 f5
28. g3 Rc6 29. Rxc6 Qxc6 30. Rc1 Qe6 31. a4 b5 32. axb5 axb5 33. Rc5 Ra8 34.
Qd5 Ra1+ 35. Kf2 Ra2+ 36. Kf1 Ra1+ 37. Kf2 Ra2+ 38. Kf1 Ra1+ 39. Kf2 1/2-1/2

[Event "BL 1415 Werder Bremen - Schachfr. Berli"]
[Site "?"]
[Date "2015.04.11"]
[Round "14.2"]
[White "Hracek, Zbynek"]
[Black "Piorun, Kacper"]
[Result "1/2-1/2"]
[WhiteElo "2612"]
[BlackElo "2546"]
[PlyCount "66"]
[EventDate "2015.??.??"]

1. d4 d5 2. c4 dxc4 3. e4 e5 4. Nf3 Bb4+ 5. Bd2 Bxd2+ 6. Qxd2 exd4 7. Qxd4 Nf6
8. Nc3 Be6 9. Qxd8+ Kxd8 10. Ne5 Nc6 11. Nxc4 Ke7 12. Ne3 Rad8 13. Be2 Nb4 14.
f3 c6 15. a3 Nd3+ 16. Bxd3 Rxd3 17. Ke2 Rd4 18. Rhd1 Rxd1 19. Rxd1 a5 20. Na4
Nd7 21. Rc1 b5 22. Nc3 Nb6 23. Nb1 Rc8 24. f4 f6 25. g4 Nc4 26. f5 Bf7 27. Nxc4
Bxc4+ 28. Ke3 a4 29. Nd2 Bf7 30. h4 c5 31. Nf3 Bb3 32. Nd2 Bf7 33. Nf3 Bb3
1/2-1/2

[Event "BL 1415 Werder Bremen - Schachfr. Berli"]
[Site "?"]
[Date "2015.04.11"]
[Round "14.3"]
[White "Michalik, Peter"]
[Black "Nyback, Tomi"]
[Result "1-0"]
[WhiteElo "2551"]
[BlackElo "2614"]
[PlyCount "97"]
[EventDate "2015.??.??"]

1. d4 d5 2. c4 c6 3. Nf3 Nf6 4. e3 Bf5 5. Nc3 a6 6. Be2 h6 7. Bd3 Bxd3 8. Qxd3
e6 9. O-O Bb4 10. Bd2 O-O 11. Rfd1 Bxc3 12. Bxc3 Ne4 13. Be1 Nd7 14. Rac1 Re8
15. Qb3 Qb6 16. Qxb6 Nxb6 17. b3 f6 18. Kf1 a5 19. Ng1 a4 20. c5 Nd7 21. b4
Rac8 22. h4 f5 23. Nf3 Nef6 24. Ne5 Nxe5 25. dxe5 Nd7 26. Bc3 b6 27. cxb6 Nxb6
28. Bd4 Nc4 29. Ke2 Rb8 30. Bc5 Kf7 31. h5 Rb7 32. Rxc4 dxc4 33. Rd4 Rc8 34.
Rd6 Rbb8 35. Rd7+ Kg8 36. Rd4 Rd8 37. Bd6 Rb5 38. Rxc4 Rc8 39. Bc5 Rd8 40. Rc3
Kf7 41. Ra3 Ra8 42. Rd3 Rb7 43. Rd6 Rc8 44. Kd3 Re7 45. Kc3 Ree8 46. Rd7+ Kg8
47. Bd6 Kh8 48. Kc4 g6 49. hxg6 1-0

[Event "BL 1415 Werder Bremen - Schachfr. Berli"]
[Site "?"]
[Date "2015.04.11"]
[Round "14.4"]
[White "Babula, Vlastimil"]
[Black "Schneider, Ilja"]
[Result "1-0"]
[WhiteElo "2541"]
[BlackElo "2507"]
[PlyCount "53"]
[EventDate "2015.??.??"]

1. d4 d5 2. Nf3 Nf6 3. c4 c6 4. Nc3 a6 5. c5 Nbd7 6. Bf4 Nh5 7. Bd2 Nhf6 8. Qc2
g6 9. Bg5 Bg7 10. e3 h6 11. Bh4 Nh5 12. g4 g5 13. gxh5 gxh4 14. Rg1 Bf6 15. e4
e5 16. O-O-O exd4 17. Nxd4 Nxc5 18. exd5 cxd5 19. Kb1 Ne6 20. Nf5 Nc7 21. Bh3
Kf8 22. Ne4 Bxf5 23. Bxf5 Nb5 24. Nc5 Nd4 25. Rxd4 Bxd4 26. Nd7+ Ke7 27. Qd2
1-0

[Event "BL 1415 Werder Bremen - Schachfr. Berli"]
[Site "?"]
[Date "2015.04.11"]
[Round "14.5"]
[White "Dann, Matthias"]
[Black "Bluebaum, Matthias"]
[Result "1/2-1/2"]
[WhiteElo "2475"]
[BlackElo "2586"]
[PlyCount "68"]
[EventDate "2015.??.??"]

1. e4 e6 2. d4 d5 3. Nc3 Nf6 4. Bg5 Bb4 5. e5 h6 6. Bh4 g5 7. Bg3 Ne4 8. Nge2
f5 9. f3 Bxc3+ 10. Nxc3 Nxc3 11. bxc3 c5 12. dxc5 Qa5 13. Qd2 Qxc5 14. h4 Rg8
15. hxg5 hxg5 16. Rh7 Nc6 17. Rb1 Qa5 18. f4 Qxa2 19. Rb3 Qa1+ 20. Kf2 b6 21.
Bb5 Bd7 22. c4 d4 23. fxg5 O-O-O 24. Bf4 Nb8 25. Qd3 Rh8 26. Ra3 Qb1 27. g6
Rxh7 28. gxh7 Rh8 29. Rxa7 Rxh7 30. Qxd4 Qxc2+ 31. Qd2 Qe4 32. Qe3 Qc2+ 33. Qd2
Qe4 34. Qe3 Qc2+ 1/2-1/2

[Event "BL 1415 Werder Bremen - Schachfr. Berli"]
[Site "?"]
[Date "2015.04.11"]
[Round "14.6"]
[White "Smerdon, David"]
[Black "Berndt, Stephan"]
[Result "1-0"]
[WhiteElo "2521"]
[BlackElo "2435"]
[PlyCount "137"]
[EventDate "2015.??.??"]

1. e4 c5 2. Nf3 d6 3. Bb5+ Bd7 4. Bxd7+ Qxd7 5. O-O Nf6 6. Re1 Nc6 7. c3 e6 8.
d4 cxd4 9. cxd4 d5 10. e5 Ne4 11. a3 Be7 12. Nbd2 Nxd2 13. Bxd2 O-O 14. Rc1 f6
15. exf6 Bxf6 16. Bf4 Rac8 17. Rc3 Ne7 18. Rd3 Nf5 19. Qd2 Rc6 20. Be5 Nh4 21.
Bxf6 Nxf3+ 22. Rxf3 gxf6 23. Qf4 Kh8 24. h3 Qg7 25. Rg3 Qf7 26. Ree3 a6 27. Rg4
Rc1+ 28. Kh2 Rc6 29. Reg3 Rc7 30. Rh4 Rc4 31. Qh6 Rg8 32. Rxg8+ Kxg8 33. Rg4+
Kh8 34. Rf4 f5 35. g4 Rc6 36. Qg5 Qg7 37. Qxg7+ Kxg7 38. gxf5 Kf6 39. fxe6+
Kxe6 40. Kg3 Rc2 41. Rh4 Rxb2 42. Rxh7 a5 43. h4 b5 44. Rh6+ Ke7 45. Rh7+ Ke6
46. h5 b4 47. axb4 Rxb4 48. h6 Rb8 49. Ra7 Kf5 50. f3 Kg6 51. Rxa5 Kxh6 52.
Rxd5 Kg6 53. Kf4 Kf6 54. Re5 Rb4 55. Ke4 Rc4 56. f4 Ra4 57. f5 Ra6 58. Kf4 Ra1
59. Re6+ Kf7 60. d5 Rf1+ 61. Ke5 Re1+ 62. Kd6 Rf1 63. Re7+ Kf6 64. Re2 Rxf5 65.
Kc6 Rf1 66. d6 Rc1+ 67. Kb7 Rb1+ 68. Kc7 Rc1+ 69. Kd8 1-0

[Event "BL 1415 Werder Bremen - Schachfr. Berli"]
[Site "?"]
[Date "2015.04.11"]
[Round "14.7"]
[White "Abel, Dennes"]
[Black "Markgraf, Alexander"]
[Result "1-0"]
[WhiteElo "2424"]
[BlackElo "2496"]
[PlyCount "131"]
[EventDate "2015.??.??"]

1. d4 f5 2. Nf3 Nf6 3. g3 g6 4. Bg2 Bg7 5. O-O O-O 6. b3 d6 7. Bb2 Qe8 8. c4 c6
9. Nbd2 Na6 10. Qc2 Ng4 11. Bc3 e5 12. dxe5 Nxe5 13. Rad1 Qe7 14. b4 Be6 15.
Nxe5 dxe5 16. b5 cxb5 17. cxb5 Nc5 18. Bb4 Rac8 19. Nb3 Bxb3 20. Qxb3+ Kh8 21.
Qa3 b6 22. Bc6 Rfd8 23. Rc1 Bf8 24. Bxc5 bxc5 25. Rfd1 h5 26. Qb3 Kg7 27. a4
Qc7 28. Qc3 Kh7 29. Bd5 Bg7 30. e4 Bh6 31. Rb1 f4 32. a5 Rb8 33. Rb2 Bg7 34.
Rb3 Rd6 35. Rdb1 Rf6 36. Ra3 Rbf8 37. Rb2 Bh6 38. Rab3 Qc8 39. b6 Qh3 40. bxa7
h4 41. a8=Q Rxa8 42. Bxa8 f3 43. Qxf3 Rxf3 44. Rxf3 Qg4 45. Rf7+ Bg7 46. Rbb7
Kh6 47. f3 Qg5 48. Rxg7 Qe3+ 49. Kg2 Qe2+ 50. Kh3 Kg5 51. gxh4+ Kf4 52. Rbf7+
Ke3 53. Rxg6 c4 54. Rg2 Qf1 55. Bd5 c3 56. Bb3 Qa6 57. Rf5 Qxa5 58. Bc2 Qc7 59.
h5 Qd6 60. Rg6 Qd2 61. h6 Qxc2 62. h7 Qd1 63. h8=Q c2 64. Qh6+ Ke2 65. Rg2+ Kf1
66. Qe3 1-0

[Event "BL 1415 Werder Bremen - Schachfr. Berli"]
[Site "?"]
[Date "2015.04.11"]
[Round "14.8"]
[White "Brinkmann, Fabian"]
[Black "Thiede, Lars"]
[Result "1/2-1/2"]
[WhiteElo "1955"]
[BlackElo "2442"]
[PlyCount "119"]
[EventDate "2015.??.??"]

1. e4 g6 2. d4 Bg7 3. Nc3 d6 4. Be3 Nf6 5. Qd2 O-O 6. f4 Ng4 7. Nf3 Nxe3 8.
Qxe3 Nc6 9. O-O-O a6 10. Rg1 Bd7 11. g4 e5 12. dxe5 dxe5 13. Qd3 Nd4 14. Nxe5
Bxe5 15. fxe5 c5 16. g5 Be6 17. Bh3 Qa5 18. Bxe6 fxe6 19. Rgf1 Qc7 20. Qg3 b5
21. Kb1 Rxf1 22. Rxf1 Nc6 23. Rf6 Re8 24. Ne2 Qxe5 25. Qxe5 Nxe5 26. Nf4 Ng4
27. Rxe6 Rf8 28. Ne2 Rf1+ 29. Nc1 Nxh2 30. Rxa6 Nf3 31. b3 Nxg5 32. a4 bxa4 33.
bxa4 Nxe4 34. Ra8+ Rf8 35. Rxf8+ Kxf8 36. a5 Ke7 37. a6 Nc3+ 38. Kb2 Nb5 39. c4
Na7 40. Kc3 Kd6 41. Kd3 Kc6 42. Ke2 Nc8 43. Nd3 Kd6 44. Kf3 h6 45. Kg4 Na7 46.
Kf4 Nc6 47. Kg4 Kc7 48. Nxc5 Kb6 49. Ne6 Ne5+ 50. Kf4 Nf7 51. Nf8 g5+ 52. Kg4
Kxa6 53. Ne6 Kb6 54. Nd4 Kc5 55. Nf5 Ne5+ 56. Kh5 g4 57. Kxh6 Kxc4 58. Kg5 Kd3
59. Kf4 g3 60. Nxg3 1/2-1/2

[Event "BL 1415 Turm Emsdetten - USV TU Dresden"]
[Site "?"]
[Date "2015.04.11"]
[Round "14.2"]
[White "Pruijssers, Roeland"]
[Black "Almasi, Zoltan"]
[Result "0-1"]
[WhiteElo "2504"]
[BlackElo "2698"]
[PlyCount "107"]
[EventDate "2015.??.??"]

1. e4 e5 2. Nf3 Nc6 3. Bb5 a6 4. Ba4 Nf6 5. O-O Be7 6. Re1 b5 7. Bb3 d6 8. c3
O-O 9. h3 Bb7 10. d4 Re8 11. Ng5 Rf8 12. Nf3 Re8 13. Nbd2 Bf8 14. d5 Nb8 15.
Nf1 Nbd7 16. N3h2 h6 17. Ng3 Nc5 18. Bc2 c6 19. Ng4 cxd5 20. Nxf6+ Qxf6 21.
exd5 g6 22. Be3 Qh4 23. a4 Nxa4 24. Bxa4 bxa4 25. Rxa4 Qe7 26. h4 f5 27. h5 Qf7
28. f4 Rab8 29. hxg6 Qxg6 30. Nh5 Kh8 31. c4 Kh7 32. Bd2 Be7 33. Ra3 Bh4 34. g3
Bc8 35. b4 e4 36. Kg2 Rg8 37. Rh1 Be7 38. Re3 Bd7 39. Bc3 Be8 40. Qd4 Rb7 41.
c5 Rb5 42. c6 Qf7 43. Qa7 Rxd5 44. c7 Bc6 45. c8=Q Rxc8 46. Nf6+ Kg6 47. Nxd5
Bxd5 48. Qxa6 Rxc3 49. Rxc3 e3+ 50. Kh2 Bxh1 51. Rxe3 Be4 52. Rc3 Bf6 53. Ra3
Qc7 54. Qe2 0-1

[Event "BL 1415 Turm Emsdetten - USV TU Dresden"]
[Site "?"]
[Date "2015.04.11"]
[Round "14.3"]
[White "Gajewski, Grzegorz"]
[Black "Burg, Twan"]
[Result "1-0"]
[WhiteElo "2636"]
[BlackElo "2502"]
[PlyCount "63"]
[EventDate "2015.??.??"]

1. c4 e5 2. Nc3 Nf6 3. Nf3 Nc6 4. e4 Bc5 5. Nxe5 Nxe5 6. d4 Nxe4 7. Nxe4 Bb4+
8. Nc3 Bxc3+ 9. bxc3 Ng6 10. Bd3 Qe7+ 11. Kf1 O-O 12. h4 Re8 13. h5 Nf8 14. h6
g6 15. Bd2 d6 16. Qf3 f5 17. Re1 Qf7 18. Rxe8 Qxe8 19. c5 dxc5 20. d5 Nd7 21.
Qf4 Ne5 22. Rh3 Nxd3 23. Rxd3 Qe4 24. Qxc7 Qxd3+ 25. Kg1 Kf8 26. Qg7+ Ke8 27.
Qg8+ Ke7 28. Bg5+ Kd6 29. Bf4+ Ke7 30. Qxh7+ Ke8 31. Qxg6+ Kd8 32. h7 1-0

[Event "BL 1415 Turm Emsdetten - USV TU Dresden"]
[Site "?"]
[Date "2015.04.11"]
[Round "14.4"]
[White "Van Foreest, Jorden"]
[Black "Maiwald, Jens-Uwe"]
[Result "1-0"]
[WhiteElo "2499"]
[BlackElo "2456"]
[PlyCount "81"]
[EventDate "2015.??.??"]

1. e4 g6 2. d4 Bg7 3. c3 d6 4. Nf3 Nf6 5. Bd3 O-O 6. Bg5 c5 7. Nbd2 h6 8. Be3
Ng4 9. O-O Nxe3 10. fxe3 Nd7 11. Qe2 Rb8 12. Rad1 Qc7 13. a4 a6 14. Bc4 Nb6 15.
Bb3 Bd7 16. Ra1 e6 17. Qf2 c4 18. Bc2 e5 19. Qe2 a5 20. h3 Rbc8 21. Nh2 Qd8 22.
Rfb1 Kh8 23. Nhf3 f5 24. exf5 gxf5 25. dxe5 dxe5 26. e4 f4 27. Qf2 Bf6 28. Kh1
Rg8 29. b4 cxb3 30. Bxb3 Rg7 31. Bd1 Nc4 32. Nxc4 Rxc4 33. Rxb7 Rxc3 34. Qb2
Rc7 35. Rb8 Rc8 36. Rb6 Qe7 37. Bb3 Kh7 38. Rd1 Bc6 39. Qc3 Bb7 40. Qd3 Qf8 41.
Qd6 1-0

[Event "BL 1415 Turm Emsdetten - USV TU Dresden"]
[Site "?"]
[Date "2015.04.11"]
[Round "14.5"]
[White "Loxine, Jakov"]
[Black "Hector, Jonny"]
[Result "1-0"]
[WhiteElo "2408"]
[BlackElo "2486"]
[PlyCount "83"]
[EventDate "2015.??.??"]

1. Nf3 d5 2. e3 Nf6 3. b3 Bg4 4. Bb2 e6 5. d3 Nc6 6. Be2 h6 7. Nbd2 Bd6 8. a3
a5 9. d4 Ne7 10. Ne5 Bf5 11. Bd3 c6 12. O-O Qb8 13. f4 g5 14. Qf3 gxf4 15. exf4
Rg8 16. Rae1 Rg7 17. Kh1 Qc7 18. Bxf5 exf5 19. Qh3 Ng4 20. Qh4 h5 21. h3 Nh6
22. Qxh5 Nhg8 23. Qh8 Bxe5 24. fxe5 Rg6 25. Qh4 O-O-O 26. Nf3 Rh6 27. Qf4 Qd7
28. Ng5 Rf8 29. a4 Rg6 30. Ba3 Nh6 31. Nh7 Rh8 32. Nf6 Qe6 33. c4 Neg8 34. cxd5
cxd5 35. Bd6 Kd8 36. Qc1 Qc8 37. Qxc8+ Kxc8 38. Nxd5 Rg3 39. Nb6+ Kd8 40. Rc1
Ne7 41. Rc7 Rxb3 42. Rd7+ 1-0

[Event "BL 1415 Turm Emsdetten - USV TU Dresden"]
[Site "?"]
[Date "2015.04.11"]
[Round "14.6"]
[White "Janssen, Ruud"]
[Black "Wegener, Dirk"]
[Result "1-0"]
[WhiteElo "2468"]
[BlackElo "2360"]
[PlyCount "81"]
[EventDate "2015.??.??"]

1. c4 Nf6 2. Nc3 g6 3. e4 e5 4. Nf3 d6 5. d4 exd4 6. Nxd4 Bg7 7. Be2 O-O 8. O-O
Re8 9. f3 a6 10. Bg5 h6 11. Be3 Kh7 12. Qd2 Bd7 13. Rad1 Nc6 14. Nc2 Be6 15. b3
a5 16. Kh1 Qe7 17. Nd5 Bxd5 18. cxd5 Nb4 19. Nxb4 axb4 20. Rf2 Nh5 21. Bb5 Bc3
22. Qc1 Rec8 23. Bxh6 c6 24. dxc6 Ra5 25. cxb7 Qxb7 26. Bc4 Ng3+ 27. Kg1 d5 28.
Rxd5 Rxd5 29. Bxd5 Ne2+ 30. Kf1 Qxd5 31. Rxe2 Qd3 32. Be3 Rc7 33. Kf2 Qd6 34.
g3 Bd4 35. Qd2 Bxe3+ 36. Qxe3 Qd1 37. Kg2 Rc1 38. Qf2 Qh1+ 39. Kh3 Qd1 40. Rd2
Qh1 41. Rd7 1-0

[Event "BL 1415 Turm Emsdetten - USV TU Dresden"]
[Site "?"]
[Date "2015.04.11"]
[Round "14.7"]
[White "Hoffmann, Paul"]
[Black "Fiebig, Thomas"]
[Result "0-1"]
[WhiteElo "2358"]
[BlackElo "2425"]
[PlyCount "58"]
[EventDate "2015.??.??"]

1. e4 e6 2. d4 d5 3. exd5 exd5 4. Bd3 c5 5. dxc5 Bxc5 6. Ne2 Nf6 7. O-O O-O 8.
Nbc3 Bg4 9. Bg5 Nc6 10. Qd2 d4 11. Bxf6 Qxf6 12. Ne4 Qe7 13. Nf4 Rad8 14. a3
Bb6 15. h3 Bc8 16. Nh5 f5 17. Ng5 h6 18. Nf3 Bc7 19. Bc4+ Kh7 20. Nf4 Ne5 21.
Nxe5 Qxe5 22. g3 Qe4 23. Nd5 b5 24. Rae1 Qf3 25. Re7 Bd6 26. Rfe1 Bxe7 27. Rxe7
bxc4 28. Qxd4 Rg8 29. Nf6+ Kg6 0-1

[Event "BL 1415 Turm Emsdetten - USV TU Dresden"]
[Site "?"]
[Date "2015.04.11"]
[Round "14.8"]
[White "Richter, Christian"]
[Black "Neef, Maximilian"]
[Result "0-1"]
[WhiteElo "2370"]
[BlackElo "2359"]
[PlyCount "118"]
[EventDate "2015.??.??"]

1. d4 Nf6 2. c4 g6 3. g3 Bg7 4. Bg2 O-O 5. Nc3 d6 6. Nf3 Nc6 7. O-O a6 8. b3
Rb8 9. Nd5 Bg4 10. Bb2 Nxd5 11. cxd5 Nb4 12. e4 f5 13. h3 fxe4 14. hxg4 exf3
15. Bxf3 Qe8 16. g5 Qf7 17. Bg2 Nxd5 18. Qd2 c6 19. f4 e6 20. Rf2 Ne7 21. Re1
Nf5 22. Kh2 d5 23. Bh3 Rfe8 24. Rfe2 Rbc8 25. Qd3 Bf8 26. Kh1 Bd6 27. Rf1 Rc7
28. Bc3 Qf8 29. Rfe1 Rce7 30. Bd2 Qg7 31. Bc3 Qf7 32. Bd2 Rd8 33. Ba5 Rde8 34.
Bd2 Qf8 35. Kg2 Kf7 36. Rh1 Kg8 37. Rhe1 Qg7 38. Bc3 h5 39. gxh6 Qxh6 40. Rh1
Rh7 41. Ree1 Qf8 42. Re2 Ree7 43. Ree1 Qf6 44. Ba5 Reg7 45. Bd2 Bc7 46. Re2 Bb6
47. Bc3 Re7 48. Re5 Bc7 49. Re2 g5 50. Bb4 Ref7 51. Bxf5 exf5 52. Re8+ Kg7 53.
Rxh7+ Kxh7 54. Qd1 Qh6 55. fxg5 Qxg5 56. Qh1+ Kg6 57. Qe1 Kg7 58. Be7 Qg6 59.
Rc8 Qxg3+ 0-1

[Event "BL 1415 SV Mülheim Nord - SV Hockenhei"]
[Site "?"]
[Date "2015.04.11"]
[Round "14.2"]
[White "Landa, Konstantin"]
[Black "Saric, Ivan"]
[Result "0-1"]
[WhiteElo "2641"]
[BlackElo "2636"]
[PlyCount "90"]
[EventDate "2015.??.??"]

1. Nf3 d5 2. d4 Nf6 3. c4 e6 4. Nc3 c6 5. cxd5 exd5 6. Qc2 h6 7. Bf4 Bd6 8. e3
Bxf4 9. exf4 O-O 10. Bd3 Re8+ 11. Ne5 c5 12. dxc5 Nbd7 13. O-O-O Nxe5 14. fxe5
Rxe5 15. Nb5 Bd7 16. Qc3 Rg5 17. Nd6 b6 18. h4 Rxg2 19. Rhg1 Rxg1 20. Rxg1 bxc5
21. Qxc5 Qb6 22. b4 Rb8 23. a3 a5 24. Qxb6 Rxb6 25. Nf5 axb4 26. a4 Bxa4 27.
Nxg7 Kf8 28. Nf5 h5 29. Kd2 Bd7 30. Nd4 Ng4 31. f4 Nf2 32. Bh7 Rf6 33. Rg8+ Ke7
34. Ke3 Ng4+ 35. Kf3 Ne5+ 36. Kg3 Ng6 37. Rb8 Rxf4 38. Rxb4 Rxh4 39. Nc6+ Bxc6
40. Rxh4 Nxh4 41. Kxh4 Kf6 42. Kxh5 Bd7 43. Bc2 Ke5 44. Kh4 Kf4 45. Bg6 Be6 0-1

[Event "BL 1415 SV Mülheim Nord - SV Hockenhei"]
[Site "?"]
[Date "2015.04.11"]
[Round "14.3"]
[White "Baramidze, David"]
[Black "Tregubov, Pavel"]
[Result "1-0"]
[WhiteElo "2595"]
[BlackElo "2620"]
[PlyCount "95"]
[EventDate "2015.??.??"]

1. d4 Nf6 2. c4 e6 3. Nf3 Nc6 4. a3 d6 5. Nc3 g6 6. Bg5 Bg7 7. d5 Nb8 8. dxe6
Bxe6 9. Nd4 Bd7 10. e3 h6 11. Bh4 Nc6 12. Be2 O-O 13. O-O Re8 14. Rc1 Nxd4 15.
exd4 g5 16. Bg3 Ne4 17. Bh5 Bf5 18. c5 dxc5 19. Nxe4 Bxe4 20. Rxc5 c6 21. Qb3
Re7 22. Rd1 b6 23. Rcc1 Bxd4 24. Qc4 c5 25. b4 Qd7 26. bxc5 bxc5 27. h3 Rd8 28.
Qa6 Qd5 29. Qa5 Rdd7 30. Bg4 Rb7 31. Kh2 Bxg2 32. Rxd4 cxd4 33. Rc5 Qe4 34. Bf5
Qe1 35. Kxg2 Qxa5 36. Rxa5 Rb3 37. Rd5 Re8 38. a4 Rb4 39. a5 a6 40. Bd3 Re6 41.
Be5 f6 42. Bxd4 Kf7 43. Bc5 Ra4 44. Bb6 h5 45. Rd7+ Re7 46. Rxe7+ Kxe7 47. Bxa6
f5 48. Bb7 1-0

[Event "BL 1415 SV Mülheim Nord - SV Hockenhei"]
[Site "?"]
[Date "2015.04.11"]
[Round "14.4"]
[White "Berelowitsch, Alexander"]
[Black "Buhmann, Rainer"]
[Result "0-1"]
[WhiteElo "2531"]
[BlackElo "2591"]
[PlyCount "55"]
[EventDate "2015.??.??"]

1. e4 e6 2. d4 d5 3. Nd2 Be7 4. Ngf3 Nf6 5. e5 Nfd7 6. Bd3 c5 7. c3 Nc6 8. O-O
g5 9. dxc5 g4 10. Nd4 Ndxe5 11. N2b3 Nxd3 12. Qxd3 e5 13. Nb5 Be6 14. Be3 h5
15. Rad1 h4 16. Rfe1 Qd7 17. Nd6+ Bxd6 18. cxd6 Qxd6 19. Bg5 h3 20. g3 Rh5 21.
Qe3 d4 22. f4 gxf3 23. cxd4 f2+ 24. Qxf2 Bxb3 25. dxe5 Qe6 26. Rd6 Rxg5 27.
axb3 Qf5 28. Qd2 0-1

[Event "BL 1415 SV Mülheim Nord - SV Hockenhei"]
[Site "?"]
[Date "2015.04.11"]
[Round "14.5"]
[White "Wagner, Dennis"]
[Black "Hausrath, Daniel"]
[Result "1/2-1/2"]
[WhiteElo "2544"]
[BlackElo "2501"]
[PlyCount "60"]
[EventDate "2015.??.??"]

1. d4 Nf6 2. c4 g6 3. Nc3 Bg7 4. e4 d6 5. Nf3 O-O 6. Be2 c5 7. O-O cxd4 8. Nxd4
Nc6 9. Be3 Bd7 10. Nc2 Be6 11. f4 Qc8 12. h3 Na5 13. b3 b5 14. Nxb5 Nxe4 15.
Rc1 Ng3 16. Re1 Nxe2+ 17. Qxe2 Nc6 18. Ncd4 Bd7 19. Qd2 a6 20. Nc3 Re8 21. Re2
Qb7 22. Rce1 Rad8 23. Bf2 Nxd4 24. Bxd4 e5 25. Bf2 Bc6 26. Bh4 Rd7 27. Ne4 Re6
28. Ng5 Re8 29. Ne4 Re6 30. Ng5 Re8 1/2-1/2

[Event "BL 1415 SV Mülheim Nord - SV Hockenhei"]
[Site "?"]
[Date "2015.04.11"]
[Round "14.6"]
[White "Levin, Felix"]
[Black "Ribli, Zoltan"]
[Result "1/2-1/2"]
[WhiteElo "2495"]
[BlackElo "2565"]
[PlyCount "46"]
[EventDate "2015.??.??"]

1. d4 Nf6 2. c4 e6 3. Nf3 d5 4. Nc3 c6 5. e3 Nbd7 6. Qc2 Bd6 7. b3 O-O 8. Be2
b6 9. O-O Bb7 10. Bb2 Qe7 11. Rad1 Rad8 12. Rfe1 Rfe8 13. g3 a6 14. Bf1 e5 15.
cxd5 cxd5 16. dxe5 Nxe5 17. Nxe5 Bxe5 18. Bg2 Qc7 19. Qd2 d4 20. exd4 Bxg2 21.
Kxg2 Rxd4 22. Qe3 Rxd1 23. Rxd1 h6 1/2-1/2

[Event "BL 1415 SV Mülheim Nord - SV Hockenhei"]
[Site "?"]
[Date "2015.04.11"]
[Round "14.7"]
[White "Rau, Hannes"]
[Black "Saltaev, Mihail"]
[Result "1/2-1/2"]
[WhiteElo "2462"]
[BlackElo "2490"]
[PlyCount "63"]
[EventDate "2015.??.??"]

1. c4 c6 2. e4 d5 3. exd5 cxd5 4. cxd5 Nf6 5. Bb5+ Nbd7 6. Nc3 a6 7. Be2 Nb6 8.
d4 Nbxd5 9. Nf3 e6 10. O-O Be7 11. Ne5 O-O 12. Bf3 Qb6 13. Na4 Qa7 14. Bg5 Rd8
15. a3 Bd7 16. Rc1 Be8 17. Nc5 Rac8 18. Qb3 b6 19. Ncd3 h6 20. Rxc8 Rxc8 21.
Bxf6 Nxf6 22. Nb4 Bxb4 23. Qxb4 a5 24. Qb3 Qc7 25. h3 b5 26. Rd1 Qc2 27. Qxc2
Rxc2 28. Nd3 Rc4 29. Ne5 Rc2 30. Nd3 Rc4 31. Ne5 Rc2 32. Nd3 1/2-1/2

[Event "BL 1415 SV Mülheim Nord - SV Hockenhei"]
[Site "?"]
[Date "2015.04.11"]
[Round "14.8"]
[White "Dinstuhl, Volkmar"]
[Black "Boguslavskyy, Oleg"]
[Result "0-1"]
[WhiteElo "2410"]
[BlackElo "2449"]
[PlyCount "78"]
[EventDate "2015.??.??"]

1. c4 Nf6 2. Nc3 c5 3. Nf3 Nc6 4. d4 cxd4 5. Nxd4 g6 6. Nc2 Bg7 7. e4 d6 8. Be2
O-O 9. O-O Nd7 10. Bd2 a5 11. Rc1 Nc5 12. f3 Nb4 13. a3 Nc6 14. Bg5 Nb3 15. Rb1
Be6 16. Ne3 Nbd4 17. Ned5 Re8 18. Kh1 Rc8 19. b3 h6 20. Bh4 Bxd5 21. exd5 Nxe2
22. Nxe2 Ne5 23. Nd4 a4 24. f4 Nd7 25. Nb5 Nb6 26. bxa4 Nxc4 27. Re1 Qd7 28.
Rb4 e6 29. Na7 Rc5 30. dxe6 Rxe6 31. Bf2 Nb2 32. Qb1 Rxe1+ 33. Bxe1 Qe6 34. Bf2
Rd5 35. Re4 Rd1+ 36. Qxd1 Nxd1 37. Rxe6 Nxf2+ 38. Kg1 fxe6 39. Kxf2 Bd4+ 0-1

[Event "BL 1415 SG Solingen - SG Turm Trier"]
[Site "?"]
[Date "2015.04.11"]
[Round "14.1"]
[White "Bobras, Piotr"]
[Black "Ragger, Markus"]
[Result "0-1"]
[WhiteElo "2539"]
[BlackElo "2664"]
[PlyCount "102"]
[EventDate "2015.??.??"]

1. e4 c5 2. Nf3 d6 3. d4 cxd4 4. Nxd4 Nf6 5. Nc3 a6 6. Bg5 Nbd7 7. Bc4 Qb6 8.
O-O Qxb2 9. Nd5 Nxd5 10. Bxd5 Qc3 11. Rb1 Qc7 12. f4 e6 13. Re1 Nf6 14. Bxf6
gxf6 15. Rb4 exd5 16. exd5+ Kd8 17. Qe2 Bd7 18. Rc4 Qa5 19. Ne6+ fxe6 20. dxe6
Bc6 21. e7+ Kc7 22. Rxc6+ Kxc6 23. e8=Q+ Rxe8 24. Qxe8+ Kc7 25. Qf7+ Kb8 26.
Kf1 Qf5 27. Re8+ Ka7 28. g3 Qxc2 29. Rxf8 Qb1+ 30. Kg2 Rxf8 31. Qxf8 Qxa2+ 32.
Kh3 Qe6+ 33. Kh4 a5 34. Qd8 Ka6 35. Qa8+ Kb6 36. Qd8+ Kb5 37. Qc7 Qd5 38. Qxh7
a4 39. Qb1+ Ka6 40. Qb4 b5 41. g4 Qd3 42. g5 fxg5+ 43. fxg5 a3 44. g6 a2 45.
Qb2 Qe4+ 46. Kh5 Qe5+ 47. Qxe5 dxe5 48. g7 a1=Q 49. g8=Q Qd1+ 50. Kh4 Qe1+ 51.
Kh3 Qf1+ 0-1